Kỹ thuật trồng rau sạch (rau an toàn)

保存先:
書誌詳細
第一著者: Trần, Khắc Thi
フォーマット: 図書
言語:Undetermined
出版事項: Hà Nội Nông Nghiệp 2006
主題:
タグ: タグ追加
タグなし, このレコードへの初めてのタグを付けませんか!
Thư viện lưu trữ: Trung tâm Học liệu Trường Đại học Cần Thơ
LEADER 00613nam a2200205Ia 4500
001 CTU_88144
008 210402s9999 xx 000 0 und d
020 |c 11500 
082 |a 632.9 
082 |b Th300 
100 |a Trần, Khắc Thi 
245 0 |a Kỹ thuật trồng rau sạch (rau an toàn) 
245 0 |c Trần Khắc Thi, Trần Ngọc Hùng 
260 |a Hà Nội 
260 |b Nông Nghiệp 
260 |c 2006 
650 |a Pests,Vegetables 
650 |x Integrated control,Diseases and pests 
904 |i M.Loan 
980 |a Trung tâm Học liệu Trường Đại học Cần Thơ